[Event "SUI-chT"]
[Site "Switzerland"]
[Date "2022.11.12"]
[Round "8.6"]
[White "Georgescu, Lena"]
[Black "Meylan, Andre"]
[Result "1/2-1/2"]
[WhiteElo "2278"]
[BlackElo "2191"]
[PlyCount "83"]
[EventDate "2022.05.01"]
[EventType "team-tourn"]
[EventRounds "9"]
[EventCountry "SUI"]
[SourceTitle "EXT 2024"]
[Source "ChessBase"]
[SourceDate "2023.10.10"]
[SourceVersion "1"]
[SourceVersionDate "2023.10.10"]
[SourceQuality "1"]
[WhiteTeam "Winterthur"]
[BlackTeam "Echallens"]
[WhiteTeamCountry "SUI"]
[BlackTeamCountry "SUI"]

1. e4 Nf6 2. e5 Nd5 3. d4 d6 4. Nf3 dxe5 5. Nxe5 c6 6. Be2 Nd7 7. Nf3 e6 8. 0-0 Be7 9. c4 N5f6 10. Nc3 0-0 11. h3 b6 12. Bf4 Bb7 13. Re1 a6 14. a3 c5 15. d5 exd5 16. cxd5 Re8 17. a4 Bf8 18. Bc4 Rxe1+ 19. Qxe1 b5 20. axb5 axb5 21. Rxa8 Bxa8 22. Bxb5 Nxd5 23. Nxd5 Bxd5 24. Qd2 Nb6 25. Bc6 Qf6 26. Bxd5 Nxd5 27. Qxd5 Qxf4 28. g3 Qf6 29. Kg2 g6 30. b3 Bd6 31. h4 h6 32. Nd2 Qe5 33. Qc6 Be7 34. Nc4 Qf6 35. Qb7 Kg7 36. Ne3 Qe5 37. Nc4 Qf6 38. Qe4 Bf8 39. Qd5 Be7 40. Ne3 Qd6 41. Qe4 Bf6 42. Nc4 1/2-1/2

[Event "SUI-chT"]
[Site "Switzerland"]
[Date "2022.09.04"]
[Round "5.6"]
[White "Meylan, Andre"]
[Black "Drechsler, Christoph"]
[Result "1/2-1/2"]
[WhiteElo "2191"]
[BlackElo "2121"]
[PlyCount "81"]
[EventDate "2022.05.01"]
[EventType "team-tourn"]
[EventRounds "9"]
[EventCountry "SUI"]
[SourceTitle "EXT 2023"]
[Source "ChessBase"]
[SourceDate "2022.10.05"]
[SourceVersion "1"]
[SourceVersionDate "2022.10.05"]
[SourceQuality "1"]
[WhiteTeam "Echallens"]
[BlackTeam "Nimzowitsch"]
[WhiteTeamCountry "SUI"]
[BlackTeamCountry "SUI"]

1. e4 c6 2. d4 d5 3. Nc3 dxe4 4. Nxe4 Bf5 5. Ng3 Bg6 6. Nf3 Nd7 7. h4 h6 8. h5 Bh7 9. Bd3 Bxd3 10. Qxd3 e6 11. Bf4 Qa5+ 12. Bd2 Bb4 13. c3 Be7 14. c4 Qc7 15. 0-0-0 Ngf6 16. Kb1 0-0 17. Ne4 Nxe4 18. Qxe4 b5 19. Rc1 Nf6 20. Qe2 Qb7 21. g4 bxc4 22. Rxc4 Nd5 23. g5 Rab8 24. Bc1 hxg5 25. Nxg5 c5 26. Rg1 cxd4 27. Ka1 Rbc8 28. Ne4 Rxc4 29. Qxc4 Nb4 30. Qe2 Qd5 31. b3 f5 32. h6 Qxe4 33. Rxg7+ Kh8 34. Qxe4 fxe4 35. Rxe7 e3 36. fxe3 Rf1 37. Re8+ Kh7 38. Re7+ Kg8 39. Re8+ Kh7 40. Re7+ Kg8 41. Re8+ 1/2-1/2

[Event "SUI-chT"]
[Site "Switzerland"]
[Date "2021.12.11"]
[Round "8.5"]
[White "Kriste, Vincent"]
[Black "Meylan, Andre"]
[Result "1-0"]
[WhiteElo "2201"]
[BlackElo "2205"]
[PlyCount "55"]
[EventDate "2021.08.29"]
[EventType "team-tourn"]
[EventRounds "9"]
[EventCountry "SUI"]
[SourceTitle "EXT 2023"]
[Source "ChessBase"]
[SourceDate "2022.10.05"]
[SourceVersion "1"]
[SourceVersionDate "2022.10.05"]
[SourceQuality "1"]
[WhiteTeam "Reti"]
[BlackTeam "Echallens"]
[WhiteTeamCountry "SUI"]
[BlackTeamCountry "SUI"]

1. e4 e6 2. d4 d5 3. Nc3 Nf6 4. Bg5 Be7 5. e5 Nfd7 6. h4 a6 7. Qg4 Bxg5 8. hxg5 c5 9. dxc5 Nxe5 10. Qg3 Nbc6 11. 0-0-0 Qa5 12. f4 Ng6 13. Nf3 Qc7 14. Qf2 Qxf4+ 15. Kb1 Nge5 16. Rh4 Qf5 17. Qg3 f6 18. gxf6 Qxf6 19. Rf4 Qe7 20. Re1 Nxf3 21. Qxf3 Qxc5 22. Nxd5 Qd6 23. Rf7 Bd7 24. Nc7+ Kd8 25. Nxa8 Ne5 26. Rd1 Qb4 27. a3 Qh4 28. Qxb7 1-0

[Event "SUI-chT"]
[Site "Switzerland"]
[Date "2021.10.23"]
[Round "4.5"]
[White "Umbach, Andreas"]
[Black "Meylan, Andre"]
[Result "1-0"]
[WhiteElo "2278"]
[BlackElo "2205"]
[PlyCount "145"]
[EventDate "2021.08.29"]
[EventType "team-tourn"]
[EventRounds "9"]
[EventCountry "SUI"]
[SourceTitle "EXT 2023"]
[Source "ChessBase"]
[SourceDate "2022.10.05"]
[SourceVersion "1"]
[SourceVersionDate "2022.10.05"]
[SourceQuality "1"]
[WhiteTeam "Wollishofen"]
[BlackTeam "Echallens"]
[WhiteTeamCountry "SUI"]
[BlackTeamCountry "SUI"]

1. e4 e6 2. d4 d5 3. Nc3 Nf6 4. e5 Nfd7 5. f4 c5 6. Nf3 Nc6 7. Be3 Qb6 8. Na4 Qa5+ 9. c3 cxd4 10. b4 Nxb4 11. cxb4 Bxb4+ 12. Bd2 Bxd2+ 13. Nxd2 b6 14. Bd3 Ba6 15. Bxa6 Qxa6 16. Nb2 Nc5 17. Qe2 Qa3 18. Qb5+ Ke7 19. 0-0 Qe3+ 20. Rf2 Rhc8 21. Nf1 Qc3 22. Rf3 d3 23. Rd1 Qd4+ 24. Kh1 Ne4 25. Nxd3 Rc2 26. Ne3 Rd2 27. f5 Rxd1+ 28. Nxd1 exf5 29. Rxf5 Rd8 30. Qb4+ Qxb4 31. Nxb4 Ke6 32. Nc6 Kxf5 33. Nxd8 Kxe5 34. Nc6+ Kd6 35. Nxa7 Kc5 36. Kg1 Kb4 37. Kf1 Ka3 38. Ke2 Kxa2 39. Kd3 Nc5+ 40. Kc3 Ne6 41. Nc6 h5 42. Nb4+ Kb1 43. Nxd5 b5 44. Kd2 Nd4 45. Kd3 Ne6 46. N1c3+ Kc1 47. Ke3 g6 48. Nxb5 Kd1 49. Nf4 Ng7 50. Nd3 Nf5+ 51. Kf2 g5 52. Ne5 Nh6 53. Nc3+ Kc2 54. Ne4 h4 55. Nf6 Kd2 56. Nfg4 Nf5 57. Nxf7 Kd3 58. Nxg5 Kc4 59. Kf3 Kd3 60. Ne5+ Kd2 61. Kf2 Kc3 62. Ngf3 Kb4 63. Ng6 h3 64. g4 Nh6 65. Kg3 Kc5 66. Kxh3 Kd6 67. Ng5 Kd7 68. Kg3 Ke8 69. Kf4 Ng8 70. h3 Nh6 71. Ke5 Ng8 72. Ke6 Nh6 73. Kf6 1-0

[Event "EU-Cup Online Gr-B"]
[Site "Tornelo INT"]
[Date "2021.03.28"]
[Round "8.4"]
[White "Meylan, Andre"]
[Black "Riff, Jean Noel"]
[Result "0-1"]
[WhiteElo "2205"]
[BlackElo "2499"]
[PlyCount "58"]
[EventDate "2021.03.27"]
[EventType "team-tourn (rapid)"]
[EventRounds "9"]
[EventCountry "NET"]
[SourceTitle "CBM 201 Extra"]
[Source "ChessBase"]
[SourceDate "2021.05.31"]
[SourceVersion "1"]
[SourceVersionDate "2021.05.31"]
[SourceQuality "1"]
[WhiteTeam "Monte Carlo"]
[BlackTeam "Geneve"]
[WhiteTeamCountry "MNC"]
[BlackTeamCountry "SUI"]

1. e4 c5 2. Nf3 d6 3. d4 cxd4 4. Nxd4 Nf6 5. Nc3 e6 6. Be2 Be7 7. 0-0 0-0 8. Be3 Nc6 9. f4 e5 10. Nxc6 bxc6 11. Kh1 exf4 12. Bxf4 Be6 13. Qd3 Qb8 14. Qg3 Kh8 15. Rad1 Qxb2 16. Rb1 Qa3 17. Rb7 d5 18. exd5 cxd5 19. Be5 Ne8 20. Bd3 Bf6 21. Nb5 Qa4 22. h3 Qh4 23. Qxh4 Bxh4 24. Nd4 Bf6 25. Nxe6 fxe6 26. Bg3 e5 27. Bb5 Nd6 28. Bc6 Nxb7 29. Bxb7 Rad8 0-1

[Event "EU-Cup Online Gr-B"]
[Site "Tornelo INT"]
[Date "2021.03.27"]
[Round "4.4"]
[White "Meylan, Andre"]
[Black "Bjorklund, Thomas"]
[Result "1-0"]
[WhiteElo "2205"]
[BlackElo "2174"]
[PlyCount "189"]
[EventDate "2021.03.27"]
[EventType "team-tourn (rapid)"]
[EventRounds "9"]
[EventCountry "NET"]
[SourceTitle "CBM 201 Extra"]
[Source "ChessBase"]
[SourceDate "2021.05.31"]
[SourceVersion "1"]
[SourceVersionDate "2021.05.31"]
[SourceQuality "1"]
[WhiteTeam "Monte Carlo"]
[BlackTeam "Pelaro Alingsas"]
[WhiteTeamCountry "MNC"]
[BlackTeamCountry "SWE"]

1. e4 c5 2. Nf3 d6 3. d4 cxd4 4. Nxd4 Nf6 5. Nc3 a6 6. a4 Nc6 7. Be2 e6 8. 0-0 Be7 9. Be3 0-0 10. f4 Bd7 11. Bf3 Rc8 12. Nb3 e5 13. f5 Na5 14. Nxa5 Qxa5 15. Qd2 Qb4 16. Ra3 Qc4 17. Rb3 b5 18. Be2 Nxe4 19. Bxc4 Nxd2 20. Bxf7+ Rxf7 21. Bxd2 bxa4 22. Rb6 Rxf5 23. Rb7 Rxf1+ 24. Kxf1 Rd8 25. Ra7 Kf8 26. Rxa6 Rb8 27. Ra7 Ke8 28. Bc1 Bf5 29. Nd5 Bf6 30. c3 Bc2 31. Ke1 Be4 32. Nxf6+ gxf6 33. g3 d5 34. Rxa4 Kd7 35. Ra6 Rf8 36. b4 f5 37. Be3 f4 38. gxf4 exf4 39. Bc5 Rg8 40. Rf6 f3 41. b5 Ra8 42. b6 Ra1+ 43. Kf2 Rb1 44. h4 Rb2+ 45. Kg3 Rg2+ 46. Kh3 Rb2 47. h5 Rb3 48. Bd4 Ke7 49. Rf4 Kd7 50. Kg3 Rb1 51. Rf7+ Kc6 52. Rf6+ Kd7 53. Rf7+ Ke6 54. Rf6+ Ke7 55. Rf4 Rb2 56. c4 Rg2+ 57. Kh3 Kd7 58. cxd5 Bxd5 59. Rf6 Rd2 60. Be3 Rd3 61. Bf2 Rd2 62. Kg3 Rb2 63. h6 Be4 64. Rf7+ Ke6 65. Rf4 Bc6 66. Bd4 Rb5 67. Rf6+ Kd5 68. Bf2 Be8 69. Rf5+ Kd6 70. Rxf3 Kc6 71. Rc3+ Kb7 72. Rc7+ Kb8 73. Rxh7 Rg5+ 74. Kf4 Rg6 75. Rh8 Kb7 76. Rxe8 Rxh6 77. Re7+ Kb8 78. Bd4 Rh4+ 79. Ke3 Rh3+ 80. Ke4 Rb3 81. Kd5 Kc8 82. Bc5 Kd8 83. Rh7 Rg3 84. b7 Rb3 85. Kc6 Ke8 86. b8Q+ Rxb8 87. Rh8+ Kf7 88. Rxb8 Ke6 89. Re8+ Kf5 90. Kd5 Kg4 91. Rf8 Kh3 92. Rg8 Kh2 93. Ke4 Kh1 94. Kf3 Kh2 95. Rh8# 1-0

[Event "FRA-chT 16 Final-A"]
[Site "Playchess.com INT"]
[Date "2021.01.17"]
[Round "9"]
[White "Rakotomaharo, Fy Antenaina"]
[Black "Meylan, Andre"]
[Result "1/2-1/2"]
[WhiteElo "2422"]
[BlackElo "2205"]
[PlyCount "186"]
[EventDate "2021.01.16"]
[EventType "team-tourn (blitz)"]
[EventRounds "15"]
[EventCountry "FRA"]
[SourceTitle "CBM 200 Extra"]
[Source "ChessBase"]
[SourceDate "2021.03.31"]
[SourceVersion "1"]
[SourceVersionDate "2021.03.31"]
[SourceQuality "1"]
[WhiteTeam "Mulhouse"]
[BlackTeam "Monaco"]
[WhiteTeamCountry "FRA"]
[BlackTeamCountry "MNC"]

1. d4 e6 2. c4 Nf6 3. Nc3 Bb4 4. e3 0-0 5. Bd2 d5 6. Nf3 b6 7. Rc1 Bb7 8. cxd5 exd5 9. Bd3 a6 10. 0-0 Nbd7 11. Ne5 Nxe5 12. dxe5 Nd7 13. f4 Nc5 14. Bc2 d4 15. Na4 Bxd2 16. Qxd2 dxe3 17. Qxe3 Qd5 18. Qh3 h6 19. Rfd1 Qc6 20. Nc3 Rad8 21. b4 Rxd1+ 22. Rxd1 Ne6 23. Be4 Nxf4 24. Qf5 Ne2+ 25. Kf2 g6 26. Nd5 gxf5 27. Ne7+ Kg7 28. Bxc6 Bxc6 29. Nxc6 Nc3 30. Rd7 Nxa2 31. e6 Kf6 32. e7 Re8 33. Rd8 Rxe7 34. Nxe7 Kxe7 35. Rd4 Nc3 36. Rh4 Nd5 37. Ke2 f6 38. Kd3 Ke6 39. g3 a5 40. bxa5 bxa5 41. Rxh6 a4 42. Rh8 Nb6 43. Kc3 f4 44. gxf4 Kf5 45. Rg8 Kxf4 46. h4 Nd5+ 47. Kd4 Ne7 48. Rf8 Nf5+ 49. Kc4 Nxh4 50. Rxf6+ Nf5 51. Kb4 Ke4 52. Rc6 a3 53. Rxc7 Nd4 54. Re7+ Kd3 55. Kxa3 Nf5 56. Rd7+ Nd4 57. Kb4 Ke4 58. Kc4 Ne6 59. Re7 Ke5 60. Re8 Kd6 61. Rh8 Ke5 62. Rh5+ Ke4 63. Rh1 Nf4 64. Re1+ Kf5 65. Kd4 Ne6+ 66. Kd5 Nf4+ 67. Kd6 Nd3 68. Re3 Nf4 69. Re5+ Kg4 70. Re4 Kf3 71. Ke5 Nd3+ 72. Kf5 Nf2 73. Rb4 Ke3 74. Rb3+ Nd3 75. Ra3 Kd4 76. Ra4+ Kd5 77. Re4 Nc5 78. Re1 Kd4 79. Rd1+ Nd3 80. Kg4 Ke4 81. Rd2 Ke3 82. Ra2 Ke4 83. Re2+ Kd4 84. Kf5 Nc5 85. Rd2+ Nd3 86. Rd1 Ke3 87. Rh1 Kd4 88. Rh3 Nc5 89. Rh4+ Kd5 90. Rh8 Kd4 91. Rd8+ Kc4 92. Rd6 Nd3 93. Rxd3 Kxd3 1/2-1/2

[Event "FRA-chT 16 Final-A"]
[Site "Playchess.com INT"]
[Date "2021.01.16"]
[Round "3"]
[White "Meylan, Andre"]
[Black "Riff, Jean Noel"]
[Result "1/2-1/2"]
[WhiteElo "2205"]
[BlackElo "2499"]
[PlyCount "90"]
[EventDate "2021.01.16"]
[EventType "team-tourn (blitz)"]
[EventRounds "15"]
[EventCountry "FRA"]
[SourceTitle "CBM 200 Extra"]
[Source "ChessBase"]
[SourceDate "2021.03.31"]
[SourceVersion "1"]
[SourceVersionDate "2021.03.31"]
[SourceQuality "1"]
[WhiteTeam "Monaco"]
[BlackTeam "Mulhouse"]
[WhiteTeamCountry "MNC"]
[BlackTeamCountry "FRA"]

1. e4 e5 2. Nf3 Nc6 3. Nc3 Nf6 4. d4 exd4 5. Nd5 Be7 6. Nxd4 Nxd5 7. exd5 Nxd4 8. Qxd4 0-0 9. Be3 Bf6 10. Qb4 d6 11. 0-0-0 a5 12. Qd2 a4 13. a3 Bd7 14. f3 b5 15. Bd4 Re8 16. g4 Rb8 17. Qc3 Bxd4 18. Rxd4 Qf6 19. Bd3 Rbc8 20. Kb1 c5 21. dxc6 Rxc6 22. Qb4 Rc5 23. Be4 Qe5 24. Rhd1 Be6 25. Rxd6 Bc4 26. Rd8 Rc8 27. Rxc8 Rxc8 28. Qd6 Qg5 29. f4 Qh4 30. g5 g6 31. Bb7 Rf8 32. Bd5 Be2 33. Rd4 Qe1+ 34. Ka2 Qf1 35. Qf6 Bc4+ 36. Bxc4 bxc4 37. Rd8 Rxd8 38. Qxd8+ Kg7 39. Qf6+ Kg8 40. Qd8+ Kg7 41. Qd4+ Kg8 42. h4 Qe2 43. Qd8+ Kg7 44. Qd4+ Kg8 45. Qd8+ Kg7 1/2-1/2

[Event "FRA-chT Top 16 Philidor"]
[Site "Playchess.com INT"]
[Date "2021.01.09"]
[Round "7"]
[White "Meylan, Andre"]
[Black "Fantinel, Thibault"]
[Result "1-0"]
[WhiteElo "2205"]
[BlackElo "2375"]
[PlyCount "161"]
[EventDate "2021.01.09"]
[EventType "team-tourn (rapid)"]
[EventRounds "12"]
[EventCountry "FRA"]
[SourceTitle "CBM 200 Extra"]
[Source "ChessBase"]
[SourceDate "2021.03.31"]
[SourceVersion "1"]
[SourceVersionDate "2021.03.31"]
[SourceQuality "1"]
[WhiteTeam "Monaco"]
[BlackTeam "Agen"]
[WhiteTeamCountry "MNC"]
[BlackTeamCountry "FRA"]

1. e4 c5 2. Nf3 Nc6 3. d4 cxd4 4. Nxd4 e5 5. Nb5 d6 6. N1c3 a6 7. Na3 Be7 8. Nd5 Nf6 9. Nxe7 Nxe7 10. Bd3 d5 11. exd5 Nexd5 12. 0-0 0-0 13. Bg5 h6 14. Bh4 Nf4 15. Bc4 b5 16. Qxd8 Rxd8 17. Bb3 Bb7 18. f3 Rd2 19. Rf2 Rad8 20. Re1 Rd1 21. Rxd1 Rxd1+ 22. Rf1 Rd2 23. Rf2 Rd7 24. c4 b4 25. Nc2 a5 26. Ne3 Rd3 27. Nf5 Kf8 28. Bxf6 gxf6 29. Nxh6 Bc6 30. Nf5 Bd7 31. Ng3 a4 32. Bc2 Re3 33. Rd2 Re1+ 34. Kf2 Rc1 35. h4 a3 36. bxa3 bxa3 37. Nf1 Be6 38. Ne3 Ra1 39. Bf5 Kg7 40. g4 Rc1 41. Rc2 Rb1 42. c5 Rb2 43. c6 Nd5 44. Rxb2 axb2 45. Bc2 Nb4 46. Bb1 Nxc6 47. Nd1 Nb4 48. a3 Nd5 49. Nxb2 Nc3 50. Bd3 Bd5 51. a4 Bb7 52. a5 Kf8 53. a6 Ba8 54. Nc4 Nd5 55. Be4 Nc7 56. a7 Bxe4 57. fxe4 Na8 58. h5 Kg7 59. Ke3 Kh6 60. Kd3 Kg5 61. Kc3 Kh6 62. Kb4 Kg5 63. Kb5 f5 64. exf5 e4 65. Kb4 Nc7 66. Nb6 e3 67. Kc3 Kf4 68. Nc4 Nb5+ 69. Kd3 Nxa7 70. Nxe3 Kg5 71. Ke4 Nb5 72. Kf3 Nd4+ 73. Kg3 Nc6 74. Nc4 Nd4 75. Ne5 Kh6 76. Nxf7+ Kg7 77. Ne5 Kf6 78. Nf3 Nxf5+ 79. gxf5 Kxf5 80. Kh4 Kf4 81. h6 1-0

[Event "FISU World University"]
[Site "Tornelo INT"]
[Date "2020.10.28"]
[Round "9.12"]
[White "Dzurak, Vitalii"]
[Black "Meylan, Andre"]
[Result "1-0"]
[WhiteElo "1894"]
[BlackElo "2205"]
[PlyCount "91"]
[EventDate "2020.10.26"]
[EventType "team-swiss (rapid)"]
[EventRounds "9"]
[EventCountry "NET"]
[SourceTitle "CBM 199 Extra"]
[Source "ChessBase"]
[SourceDate "2021.01.31"]
[SourceVersion "1"]
[SourceVersionDate "2021.01.31"]
[SourceQuality "1"]
[WhiteTeam "Ukraine II"]
[BlackTeam "Switzerland"]
[WhiteTeamCountry "UKR"]
[BlackTeamCountry "SUI"]

1. d4 e6 2. c4 Nf6 3. Nc3 Bb4 4. Qc2 0-0 5. e4 d5 6. e5 Ne4 7. Bd3 c5 8. a3 Bxc3+ 9. bxc3 Nc6 10. Nf3 cxd4 11. cxd4 Qa5+ 12. Bd2 Nxd2 13. Qxd2 Qxd2+ 14. Kxd2 dxc4 15. Bxc4 Rd8 16. Ke3 b6 17. Rhc1 Bb7 18. Ba6 Bxa6 19. Rxc6 Rd7 20. Rac1 Rad8 21. Rc7 f6 22. h4 Bb7 23. Ne1 Kf7 24. g3 Ke8 25. Rxd7 Rxd7 26. Nd3 Ba6 27. Nf4 Kf7 28. d5 Re7 29. dxe6+ Ke8 30. Nd5 Rxe6 31. Nc7+ Ke7 32. Nxe6 Kxe6 33. exf6 Kxf6 34. Rc7 Bf1 35. Rxa7 h6 36. Rb7 b5 37. Rb6+ Kf5 38. f3 Ke5 39. Rg6 Kd5 40. Rxg7 Kc4 41. Ra7 Kb3 42. f4 h5 43. f5 Bc4 44. f6 Kb2 45. Kf4 Kb3 46. Kg5 1-0

[Event "FISU World University"]
[Site "Tornelo INT"]
[Date "2020.10.28"]
[Round "7.29"]
[White "Meylan, Andre"]
[Black "Bernal Navarrete, Marcelo Andres"]
[Result "1-0"]
[WhiteElo "2205"]
[BlackElo "1851"]
[PlyCount "51"]
[EventDate "2020.10.26"]
[EventType "team-swiss (rapid)"]
[EventRounds "9"]
[EventCountry "NET"]
[SourceTitle "CBM 199 Extra"]
[Source "ChessBase"]
[SourceDate "2021.01.31"]
[SourceVersion "1"]
[SourceVersionDate "2021.01.31"]
[SourceQuality "1"]
[WhiteTeam "Switzerland"]
[BlackTeam "Chile V"]
[WhiteTeamCountry "SUI"]
[BlackTeamCountry "CHI"]

1. e4 e5 2. Nf3 Nc6 3. d4 exd4 4. Nxd4 Bc5 5. Be3 Bb6 6. Nc3 d6 7. Qd2 Nf6 8. f3 Ne5 9. 0-0-0 0-0 10. h3 a5 11. Bg5 h6 12. Be3 d5 13. f4 Nc4 14. Bxc4 dxc4 15. Qe2 Re8 16. Nc6 Bxe3+ 17. Qxe3 bxc6 18. Rxd8 Rxd8 19. Qc5 Bb7 20. Qxc4 c5 21. e5 Nd7 22. Rd1 Bxg2 23. e6 Nb6 24. exf7+ Kh8 25. Rxd8+ Rxd8 26. Qxc5 1-0

[Event "FISU World University"]
[Site "Tornelo INT"]
[Date "2020.10.27"]
[Round "5.16"]
[White "Perez, Murillo Angel"]
[Black "Meylan, Andre"]
[Result "1-0"]
[WhiteElo "1963"]
[BlackElo "2205"]
[PlyCount "93"]
[EventDate "2020.10.26"]
[EventType "team-swiss (rapid)"]
[EventRounds "9"]
[EventCountry "NET"]
[SourceTitle "CBM 199 Extra"]
[Source "ChessBase"]
[SourceDate "2021.01.31"]
[SourceVersion "1"]
[SourceVersionDate "2021.01.31"]
[SourceQuality "1"]
[WhiteTeam "Mexico V"]
[BlackTeam "Switzerland"]
[WhiteTeamCountry "MEX"]
[BlackTeamCountry "SUI"]

1. d4 e6 2. c4 Nf6 3. Nc3 Bb4 4. Nf3 0-0 5. Bd2 b6 6. e3 Bb7 7. Bd3 d5 8. Rc1 c5 9. cxd5 Nxd5 10. Nxd5 Bxd2+ 11. Qxd2 Qxd5 12. dxc5 Rd8 13. Be4 Qxd2+ 14. Nxd2 Bxe4 15. Nxe4 Rc8 16. Ke2 Na6 17. c6 Rc7 18. a3 Nb8 19. Rhd1 Nxc6 20. Rc3 f5 21. Ng5 Rcc8 22. Rdc1 Ne7 23. Rc7 Rxc7 24. Rxc7 Nd5 25. Rd7 Re8 26. Nxe6 Rxe6 27. Rxd5 Rc6 28. Kd2 g6 29. Rd8+ Kf7 30. Rd7+ Kf6 31. Rxa7 h6 32. Rd7 Ke5 33. f4+ Kf6 34. Rd3 g5 35. Rc3 Rd6+ 36. Ke2 Re6 37. g3 Kg6 38. b4 Kh5 39. h3 gxf4 40. gxf4 Kh4 41. b5 h5 42. Rc6 Re8 43. Rxb6 Kxh3 44. Rf6 Kg4 45. Rg6+ Kh4 46. Kf3 Ra8 47. Rg1 1-0

[Event "SUI-chT"]
[Site "Switzerland"]
[Date "2019.03.10"]
[Round "1.8"]
[White "Meylan, Andre"]
[Black "Fischer, Daniel1111"]
[Result "0-1"]
[WhiteElo "2184"]
[BlackElo "2322"]
[PlyCount "74"]
[EventDate "2019.03.10"]
[EventType "team-tourn"]
[EventRounds "9"]
[EventCountry "SUI"]
[SourceTitle "CBM 189 Extra"]
[Source "ChessBase"]
[SourceDate "2019.06.03"]
[SourceVersion "1"]
[SourceVersionDate "2019.06.03"]
[SourceQuality "1"]
[WhiteTeam "Echallens"]
[BlackTeam "Zuerich"]
[WhiteTeamCountry "SUI"]
[BlackTeamCountry "SUI"]

1. e4 e5 2. Nf3 Nc6 3. Nc3 Nf6 4. d4 exd4 5. Nd5 Nb4 6. Bc4 Nbxd5 7. exd5 Bb4+ 8. Bd2 Bxd2+ 9. Qxd2 c5 10. dxc6 dxc6 11. 0-0-0 0-0 12. Nxd4 Qc7 13. f3 b5 14. Bd3 Rd8 15. Nxc6 Re8 16. Qa5 Qxc6 17. Bxb5 Qc5 18. b4 Qg5+ 19. Kb1 Rb8 20. a4 a6 21. h4 Qe5 22. Rhe1 Qxe1 23. Rxe1 Rxe1+ 24. Kb2 axb5 25. Qc7 Nd7 26. Qd8+ Nf8 27. Qc7 Ra8 28. axb5 Re8 29. b6 Ba6 30. c4 Rac8 31. Qf4 Rxc4 32. Qd6 Re6 33. b7 Bxb7 34. Qd2 Rb6 35. Ka3 Rcxb4 36. Qd8 Rb3+ 37. Ka2 R3b5 0-1

[Event "FRA-chT Top 12"]
[Site "Brest"]
[Date "2018.06.03"]
[Round "9"]
[White "Meylan, Andre"]
[Black "Flear, Glenn C"]
[Result "0-1"]
[WhiteElo "2179"]
[BlackElo "2444"]
[PlyCount "52"]
[EventDate "2018.05.26"]
[EventType "team-tourn"]
[EventRounds "11"]
[EventCountry "FRA"]
[SourceTitle "EXT 2019"]
[Source "ChessBase"]
[SourceDate "2018.10.10"]
[SourceVersion "1"]
[SourceVersionDate "2018.10.10"]
[SourceQuality "1"]
[WhiteTeam "Cemc Monaco"]
[BlackTeam "Nice Alekhine"]
[WhiteTeamCountry "MNC"]
[BlackTeamCountry "FRA"]

1. e4 e5 2. Nf3 Nc6 3. Nc3 Nf6 4. d4 exd4 5. Nxd4 Bb4 6. Nxc6 bxc6 7. Bd3 0-0 8. 0-0 Re8 9. Qf3 Rb8 10. h3 Bd6 11. Ne2 Be5 12. c3 d5 13. exd5 cxd5 14. b3 Bb7 15. Qf5 g6 16. Qg5 Ne4 17. Qxd8 Rbxd8 18. Bxe4 dxe4 19. Be3 a5 20. Rfd1 Rd3 21. Bd4 Bxd4 22. Rxd3 exd3 23. Nxd4 d2 24. Nc2 Re2 25. Rd1 Be4 26. Ne3 Re1+ 0-1

[Event "FRA-chT Top 12"]
[Site "Brest"]
[Date "2018.05.30"]
[Round "5"]
[White "Steil Antoni, Fiona"]
[Black "Meylan, Andre"]
[Result "0-1"]
[WhiteElo "2200"]
[BlackElo "2179"]
[PlyCount "105"]
[EventDate "2018.05.26"]
[EventType "team-tourn"]
[EventRounds "11"]
[EventCountry "FRA"]
[SourceTitle "EXT 2019"]
[Source "ChessBase"]
[SourceDate "2018.10.10"]
[SourceVersion "1"]
[SourceVersionDate "2018.10.10"]
[SourceQuality "1"]
[WhiteTeam "Vandoeuvre"]
[BlackTeam "Cemc Monaco"]
[WhiteTeamCountry "FRA"]
[BlackTeamCountry "MNC"]

1. e4 Nf6 2. e5 Nd5 3. d4 d6 4. Bc4 Nb6 5. Bb3 dxe5 6. Qh5 e6 7. dxe5 a5 8. a4 Bd7 9. Nf3 Na6 10. 0-0 g6 11. Qh3 Bg7 12. Bg5 Qb8 13. Bh6 Kf8 14. Nc3 Nc5 15. Rad1 Qe8 16. Rd4 Kg8 17. Rf4 Nd5 18. Bxg7 Kxg7 19. Bxd5 exd5 20. Qh4 Be6 21. Nb5 Rc8 22. Nbd4 h6 23. Qf6+ Kg8 24. Nxe6 Qxe6 25. Qh4 Re8 26. Re1 Qe7 27. Qg4 Qe6 28. Qg3 Ne4 29. Rfxe4 dxe4 30. Rxe4 Qa2 31. h4 Qb1+ 32. Kh2 Qxc2 33. Rf4 Qd3 34. Rf6 Re6 35. Qf4 Rxf6 36. Qxf6 Qd7 37. b3 Kh7 38. Nd4 Re8 39. h5 Qe7 40. hxg6+ fxg6 41. Qxe7+ Rxe7 42. f4 c6 43. g3 Rd7 44. Ne6 Rd3 45. Nc5 Rd2+ 46. Kh3 b6 47. Ne4 Rd3 48. Kg4 Rxb3 49. f5 Rb4 50. Kf4 gxf5 51. Kxf5 Rxe4 52. Kxe4 Kg7 53. Kd4 0-1

[Event "SUI-chT"]
[Site "Switzerland"]
[Date "2016.10.09"]
[Round "9.8"]
[White "Moor, Olivier"]
[Black "Meylan, Andre"]
[Result "1/2-1/2"]
[WhiteElo "2323"]
[BlackElo "2167"]
[PlyCount "151"]
[EventDate "2016.03.20"]
[EventType "team-tourn"]
[EventRounds "9"]
[EventCountry "SUI"]
[SourceTitle "EXT 2017"]
[Source "ChessBase"]
[SourceDate "2016.10.25"]
[SourceVersion "1"]
[SourceVersionDate "2016.10.25"]
[SourceQuality "1"]
[WhiteTeam "Wollishofen"]
[BlackTeam "Echallens"]
[WhiteTeamCountry "SUI"]
[BlackTeamCountry "SUI"]

1. d4 e6 2. c4 Nf6 3. Nf3 b6 4. g3 Bb7 5. Bg2 Be7 6. 0-0 0-0 7. Re1 d5 8. Ne5 Na6 9. cxd5 exd5 10. Nc3 c5 11. dxc5 Nxc5 12. Be3 Nfe4 13. Bd4 Ne6 14. e3 Bf6 15. Rc1 Rc8 16. Nf3 Nxd4 17. Nxd4 Nxc3 18. bxc3 Rc4 19. Ne2 Qa8 20. Qd3 Rfc8 21. Red1 R8c5 22. Nf4 Rxc3 23. Rxc3 Rxc3 24. Qf5 Qc8 25. Qxc8+ Rxc8 26. Bxd5 Ba6 27. Bb3 Bb7 28. Bxf7+ Kf8 29. Bb3 Bf3 30. Re1 a5 31. a4 g5 32. Nd5 Bxd5 33. Bxd5 Rc5 34. Bb3 b5 35. axb5 Rxb5 36. Be6 a4 37. Rc1 a3 38. Rc7 Be7 39. Ra7 h6 40. Kg2 Rb6 41. Ra8+ Kg7 42. Bg8 Bc5 43. h3 Rb2 44. Kf3 Bf8 45. Bd5 Bc5 46. Ra5 Be7 47. Ra6 Bc5 48. Ra5 Be7 49. e4 Bd6 50. Ra7+ Kf8 51. Ra6 Bc5 52. Rxh6 Rxf2+ 53. Kg4 Be7 54. Ra6 Rd2 55. Kf5 Rf2+ 56. Kg6 Ke8 57. e5 Kd8 58. Ra8+ Kd7 59. Ra7+ Kd8 60. Be6 Rf3 61. Bg4 Rf2 62. Bf5 Bc5 63. Ra8+ Kc7 64. Kxg5 Re2 65. Kf4 a2 66. Be6 Bd4 67. Bxa2 Bxe5+ 68. Kf3 Rc2 69. Be6 Kd6 70. Ra6+ Ke7 71. g4 Bd6 72. Bf5 Rc3+ 73. Ke4 Rxh3 74. g5 Ra3 75. Rb6 Ra4+ 76. Kd3 1/2-1/2